Bones of the Body - Statistics

General Stats
  • This quiz has been taken 174 times
    149 since last reset
  • The average score is 11 of 15
Answer Stats
Picture Answer % Correct
femur
86%
tibia
86%
patella
82%
cranium
81%
sternum
81%
clavicle
80%
fibula
78%
pelvis
78%
radius
77%
humerus
76%
ulna
76%
scapula
70%
ribs
66%
vertebrae
49%
talus
35%
No matching quizzes found
Score Distribution
Percent of People with Each Score
Percentile by Number Answered
Your Score History
You have not taken this quiz since the last reset